000 00474nam a2200181Ia 4500
008 090124s9999 xx 000 0 und d
082 _b122971
100 _aरायकर प्रतिभा
245 _a देवता
250 _a1
260 _c1988
300 _a192
600 _aरायकर प्रतिभा
630 _a देवता
700 _aरायकर प्रतिभा
730 _a देवता
942 _cBOOK
999 _c169057
_d169057